| 000 | 00413nam a2200157Ia 4500 | ||
|---|---|---|---|
| 008 | 220216s9999 xx 000 0 und d | ||
| 100 | _aNair V K B | ||
| 245 | 0 | _aGrowth performance of clonal seedling families under test on estates | |
| 260 |
_bRubber Board Bulletin _c1965 |
||
| 300 | _a20-23 & 31 | ||
| 650 | _aClonal seedling | ||
| 650 | _aGrowth | ||
| 650 | _aPlanting | ||
| 650 | _aRubber | ||
| 942 | _cJS | ||
| 999 |
_c60155 _d60155 |
||